Fr. Conceicao Rodrigues College of Engineering

Engineering Physics (Record no. 36091)

MARC details
000 -LEADER
fixed length control field 00378nam a22001577a 4500
003 - CONTROL NUMBER IDENTIFIER
control field OSt
005 - DATE AND TIME OF LATEST TRANSACTION
control field 20241024102733.0
008 - FIXED-LENGTH DATA ELEMENTS--GENERAL INFORMATION
fixed length control field 241024b |||||||| |||| 00| 0 eng d
020 ## - INTERNATIONAL STANDARD BOOK NUMBER
International Standard Book Number 9788195353675
040 ## - CATALOGING SOURCE
Transcribing agency
082 ## - DEWEY DECIMAL CLASSIFICATION NUMBER
Edition number 2
Classification number 530
Item number PAN
245 ## - TITLE STATEMENT
Title Engineering Physics
Statement of responsibility, etc. Pandey,B.K
Medium Chaturvedi,S
250 ## - EDITION STATEMENT
Edition statement 2
260 ## - PUBLICATION, DISTRIBUTION, ETC.
Name of publisher, distributor, etc. Cengage
Date of publication, distribution, etc. 2022
942 ## - ADDED ENTRY ELEMENTS (KOHA)
Source of classification or shelving scheme Dewey Decimal Classification
Koha item type BOOK
Edition 2
Call number prefix 530/PAN
Suppress in OPAC No
Holdings
Withdrawn status Lost status Source of classification or shelving scheme Damaged status Not for loan Collection Home library Current library Date acquired Cost, normal purchase price Inventory number Total Checkouts Total Renewals Full call number Barcode Date last seen Date last checked out Price effective from Koha item type
    Dewey Decimal Classification     Physics Fr. Agnel's C.Rodrigues College of Engineering AGNEL TECHNICAL COLLEGE LIBRARY 24/10/2024 895.00 AO/24/10/575 dt 22.10.2024 4 2 530/PAN 26494 12/03/2025 12/02/2025 24/10/2024 BOOK
    Dewey Decimal Classification     Physics Fr. Agnel's C.Rodrigues College of Engineering AGNEL TECHNICAL COLLEGE LIBRARY 24/10/2024 895.00 AO/24/10/575 dt 22.10.2024 3   530/PAN 26495 07/05/2025 16/04/2025 24/10/2024 BOOK
    Dewey Decimal Classification     Physics Fr. Agnel's C.Rodrigues College of Engineering Fr. Agnel's C.Rodrigues College of Engineering 24/10/2024 895.00 AO/24/10/575 dt 22.10.2024 1 1 530/PAN 26493 15/03/2025 15/01/2025 24/10/2024 BOOK